Statistics for Pokémon GO: Highest CP Ground-type Pokémon

Click here to take the quiz!

General Stats

  • This quiz has been taken 27 times
    (14 since last reset)
  • The average score is 15 of 20

Answer Stats

Max CPAnswer% Correct
4652Groudon
100%
6672Primal Groudon
100%
4057Landorus (Incarnate)
89%
4434Landorus (Therian)
89%
4133Mega Steelix
89%
4221Rhyperior
89%
3667Excadrill
78%
3334Golem
78%
4975Mega Swampert
78%
3594Rhydon
78%
3362Swampert
78%
4479Garchomp
67%
3488Hippowdon
67%
6132Mega Garchomp
67%
4358Ursaluna
67%
3855Zygarde (50%)
67%
4208Zygarde (Complete)
67%
3763Mamoswine
56%
3407Donphan
44%
3444Krookodile
44%

Score Distribution

Percentile by Number Answered

Percent of People with Each Score

Your Score History

You have not taken this quiz since the last reset